000 003660000a22001210004500
090 _aAR
_b04101
245 1 0 _aBehavior and ecology of the dusky dolphin, Lagenorhynchus obscurus, in the South Atlantic
041 0 _aInglés
700 1 _aWursig, Melany
_998007
100 1 _aWursig, Bernd
_998008
942 _cARTICULO
773 1 _tFishery Bulletin
_h4
_q871-890
_d1980
_g77
999 _c13199
_d13199